<?xml version="1.0" encoding="UTF-8"?>
<record
    xmlns:xsi="http://www.w3.org/2001/XMLSchema-instance"
    xsi:schemaLocation="http://www.loc.gov/MARC21/slim http://www.loc.gov/standards/marcxml/schema/MARC21slim.xsd"
    xmlns="http://www.loc.gov/MARC21/slim">

  <leader>00981nam a22002417a 4500</leader>
  <controlfield tag="001">47273</controlfield>
  <controlfield tag="003">BD-RjUL</controlfield>
  <controlfield tag="005">20211209054303.0</controlfield>
  <controlfield tag="008">160808s2001    bg ||||| |||| 00| 0 ben d</controlfield>
  <datafield tag="020" ind1=" " ind2=" ">
    <subfield code="a">9840741470 </subfield>
    <subfield code="c">: TK 150.00 </subfield>
  </datafield>
  <datafield tag="035" ind1=" " ind2=" ">
    <subfield code="a">(BD-RjUL)47392</subfield>
  </datafield>
  <datafield tag="040" ind1=" " ind2=" ">
    <subfield code="a">BD-RjUL</subfield>
    <subfield code="b">ben</subfield>
    <subfield code="c">BD-RjUL</subfield>
  </datafield>
  <datafield tag="041" ind1=" " ind2=" ">
    <subfield code="a">ben </subfield>
  </datafield>
  <datafield tag="082" ind1=" " ind2=" ">
    <subfield code="2">23 </subfield>
    <subfield code="a">306.4095492 </subfield>
    <subfield code="b">HOC 2001 </subfield>
  </datafield>
  <datafield tag="100" ind1=" " ind2=" ">
    <subfield code="a">&#x9B9;&#x9CB;&#x9B8;&#x9C7;&#x9A8;, &#x987;&#x9AE;&#x9B0;&#x9BE;&#x9A8; </subfield>
    <subfield code="9">143898</subfield>
  </datafield>
  <datafield tag="245" ind1="1" ind2="0">
    <subfield code="a">&#x99B;&#x9CB;&#x9B2;&#x9A4;&#x9BE;&#x9A8; &#x9AA;&#x9A4;&#x9CD;&#x9B0;&#x9BF;&#x995;&#x9BE;&#x9AF;&#x9BC; &#x9AC;&#x9BE;&#x982;&#x9B2;&#x9BE;&#x9B0; &#x9B8;&#x9AE;&#x9BE;&#x99C;, &#x9B8;&#x982;&#x9B8;&#x9CD;&#x995;&#x9C3;&#x9A4;&#x9BF; &#x993; &#x9B0;&#x9BE;&#x99C;&#x9A8;&#x9C0;&#x9A4;&#x9BF; / </subfield>
    <subfield code="c">&#x987;&#x9AE;&#x9B0;&#x9BE;&#x9A8; &#x9B9;&#x9CB;&#x9B8;&#x9C7;&#x9A8; </subfield>
  </datafield>
  <datafield tag="260" ind1=" " ind2=" ">
    <subfield code="a">&#x9A2;&#x9BE;&#x995;&#x9BE; :</subfield>
    <subfield code="b">&#x9AC;&#x9BE;&#x982;&#x9B2;&#x9BE; &#x98F;&#x995;&#x9BE;&#x9A1;&#x9C7;&#x9AE;&#x9C0;, </subfield>
    <subfield code="c">&#x9E8;&#x9E6;&#x9E6;&#x9E7; </subfield>
  </datafield>
  <datafield tag="300" ind1=" " ind2=" ">
    <subfield code="a">&#x9EA;&#x9E7;&#x9EC; &#x9AA;&#x9C3;. ; </subfield>
    <subfield code="c">&#x9E8;&#x9E7; &#x9B8;&#x9C7;&#x9AE;&#x9BF;. </subfield>
  </datafield>
  <datafield tag="650" ind1=" " ind2=" ">
    <subfield code="a">&#x9B8;&#x9BE;&#x9AE;&#x9BE;&#x99C;&#x9BF;&#x995; &#x985;&#x9AC;&#x9B8;&#x9CD;&#x9A5;&#x9BE; </subfield>
    <subfield code="z">&#x9AC;&#x9BE;&#x982;&#x9B2;&#x9BE;&#x9A6;&#x9C7;&#x9B6; </subfield>
    <subfield code="9">143899</subfield>
  </datafield>
  <datafield tag="650" ind1=" " ind2=" ">
    <subfield code="a">Social Condition </subfield>
    <subfield code="z">Bangladesh </subfield>
    <subfield code="9">143900</subfield>
  </datafield>
  <datafield tag="700" ind1=" " ind2=" ">
    <subfield code="a">&#x9A6;&#x9C7;, &#x9B8;&#x9C1;&#x9A8;&#x9C0;&#x9B2; &#x995;&#x9BE;&#x9A8;&#x9CD;&#x9A4;&#x9BF; </subfield>
    <subfield code="9">143901</subfield>
  </datafield>
  <datafield tag="942" ind1=" " ind2=" ">
    <subfield code="2">ddc</subfield>
    <subfield code="c">BK</subfield>
  </datafield>
  <datafield tag="999" ind1=" " ind2=" ">
    <subfield code="c">47273</subfield>
    <subfield code="d">47273</subfield>
  </datafield>
  <datafield tag="952" ind1=" " ind2=" ">
    <subfield code="0">0</subfield>
    <subfield code="1">0</subfield>
    <subfield code="2">ddc</subfield>
    <subfield code="4">0</subfield>
    <subfield code="7">0</subfield>
    <subfield code="8">NFIC</subfield>
    <subfield code="a">RUCL</subfield>
    <subfield code="b">RUCL</subfield>
    <subfield code="c">Stack</subfield>
    <subfield code="d">2011-06-09</subfield>
    <subfield code="e">Bangla Academy, Dhaka</subfield>
    <subfield code="g">150.00</subfield>
    <subfield code="l">1</subfield>
    <subfield code="o">B 306.4095492  HOC 2001</subfield>
    <subfield code="r">2023-03-07 00:00:00</subfield>
    <subfield code="s">2023-02-08</subfield>
    <subfield code="t">C-2</subfield>
    <subfield code="w">2016-08-08</subfield>
    <subfield code="y">BK</subfield>
  </datafield>
  <datafield tag="952" ind1=" " ind2=" ">
    <subfield code="0">0</subfield>
    <subfield code="1">0</subfield>
    <subfield code="2">ddc</subfield>
    <subfield code="4">0</subfield>
    <subfield code="7">1</subfield>
    <subfield code="8">NFIC</subfield>
    <subfield code="a">RUCL</subfield>
    <subfield code="b">RUCL</subfield>
    <subfield code="c">Reading</subfield>
    <subfield code="d">2011-06-09</subfield>
    <subfield code="e">Bangla Academy, Dhaka.</subfield>
    <subfield code="g">150.00</subfield>
    <subfield code="l">0</subfield>
    <subfield code="o">B 306.4095492  HOC 2001</subfield>
    <subfield code="r">2016-12-11 00:00:00</subfield>
    <subfield code="t">C-1</subfield>
    <subfield code="w">2016-12-11</subfield>
    <subfield code="y">BK</subfield>
  </datafield>
</record>
